Countries Starting and Ending with Consonants Quiz Stats

 Plays Quiz Updated Jul 2, 2018

Score 0/58 Timer 08:00
10 Plays Today
Country % Correct
Sweden
89.8%
Finland
88.7%
Japan
88%
Spain
87.2%
Brazil
86.7%
Portugal
85%
Denmark
83.9%
New Zealand
81.9%
Poland
81%
Belgium
80.1%
Switzerland
78.6%
Pakistan
77.9%
Netherlands
76.9%
Kazakhstan
76.3%
Vietnam
76.1%
Thailand
73.8%
Turkmenistan
73.8%
Luxembourg
73%
Chad
72.4%
Laos
71.8%
Sudan
70.2%
Jordan
69.2%
Nepal
68.6%
Liechtenstein
68.5%
Kyrgyzstan
67.8%
Tajikistan
67.6%
Belarus
67.2%
Yemen
66.8%
Madagascar
66.5%
Country % Correct
Bhutan
66%
South Sudan
65.8%
Bangladesh
65.7%
Bahrain
65.3%
Honduras
65.2%
Qatar
64.9%
Bahamas
63.6%
Dominican Republic
63.4%
Lebanon
63.4%
Niger
61.8%
Cyprus
60.9%
Benin
60.8%
Philippines
60.5%
Kuwait
60.4%
Barbados
60.2%
St. Kitts and Nevis
59.1%
Myanmar
58.7%
Central African Republic
57.4%
Marshall Islands
57.3%
Cameroon
56.9%
Seychelles
56.6%
Taiwan
56.2%
Gabon
56.1%
Comoros
55.9%
Senegal
54.8%
St. Vincent-Grenadines
54.2%
Solomon Islands
53.2%
Maldives
53.1%
Mauritius
52.8%

You're not logged in!

Compare scores with friends on all Sporcle quizzes.
OR
Log In

Sporcle TV

Today on Sporcle TV


Watch our educational content, quiz creation guides, and fun videos on Sporcle TV.

Show Comments

Extras

Top Quizzes Today


Score Distribution

Your Account Isn't Verified!

In order to create a playlist on Sporcle, you need to verify the email address you used during registration. Go to your Sporcle Settings to finish the process.

Report this User

Report this user for behavior that violates our Community Guidelines.

Details: